Introduction to computer applications in business / (Record no. 92159)

MARC details
000 -LEADER
fixed length control field 00582nam a22001817a 4500
005 - DATE AND TIME OF LATEST TRANSACTION
control field 20150427142657.0
010 ## - LCCN (DPL NO)
LC control number ENG-112348
020 ## - INTERNATIONAL STANDARD BOOK NUMBER
International Standard Book Number 9788180546587 (v.2)
Terms of availability 150.00
035 ## - SYSTEM CONTROL NUMBER
System control number EN-95880
037 ## - SOURCE OF ACQUISITION
Source of stock number/acquisition DBAD/PUB
082 ## - DEWEY DECIMAL CLASSIFICATION NUMBER
Classification number 650.0285
100 ## - MAIN ENTRY--PERSONAL NAME
Personal name Srinivasa Vallabhan, S.V.
245 ## - TITLE STATEMENT
Title Introduction to computer applications in business /
Statement of responsibility, etc by S.V.Srinivasa Vallabhan
260 ## - PUBLICATION, DISTRIBUTION, ETC. (IMPRINT)
Place of publication, distribution, etc New Delhi
Name of publisher, distributor, etc Sultan Chand
Date of publication, distribution, etc 2015 (repr.)
270 ## - ADDRESS
Address 23, Daryaganj,
City New Delhi
Postal code 110002
300 ## - PHYSICAL DESCRIPTION
Extent xiv, 217p.:
Dimensions 24cm(pbk)
Other physical details ill.
942 ## - ADDED ENTRY ELEMENTS (KOHA)
Source of classification or shelving scheme Dewey Decimal Classification
Item type English Books
Call number suffix SRI
Classification part 650.0285
Holdings
Withdrawn status Lost status Materials specified (bound volume or other part) Not for loan Collection code Home library Current library Date acquired Source of acquisition Cost, normal purchase price Full call number Barcode Copy number Cost, replacement price Koha item type
    v.2 Not For Loan Non-fiction D.B.Act.Division D.B.Act.Division 10/03/2015 DBAD/PUB 150.00 650.0285 SRI EN-95880 1 150.00 English Books

© Delhi Public Library
Hit Counter
free hit counter